| 000 | 00707nam a2200205 i 4500 | ||
|---|---|---|---|
| 001 | 21217 | ||
| 003 | ES-MaACL | ||
| 005 | 20251003063037.0 | ||
| 007 | t| | ||
| 008 | 021122s1948 sp ||||1| spa d | ||
| 100 | 1 |
_aAlbareda Herrera, José María, _d1902-1966 _9157514 |
|
| 245 | 1 | 0 |
_aEdafología / _cJosé María Albareda Herrera, Angel Hoyos de Castro ; prólogo de Lorenzo Vilas López. |
| 260 |
_aMadrid : _bSaeta, _c1948 ( _fTall. Gráfs. Montaña) |
||
| 300 |
_aIX, 276 p. : _bil. ; _c23 cm. |
||
| 650 | 0 | 4 |
_aEdafología. _9135952 |
| 700 | 1 |
_aHoyos de Castro, Angel. _964433 |
|
| 700 | 1 |
_aVilas López, Lorenzo. _9114831 |
|
| 852 |
_aES-MaACL _jD-7292 _bR.26465 |
||
| 999 |
_c21217 _d21217 |
||